[Event "Sao Paulo Open"]
[Site "Sao Paulo BRA"]
[Date "1992.??.??"]
[Round "?"]
[White "Milos, Gilberto"]
[Black "Zapata, Alonso"]
[Result "1/2-1/2"]
[WhiteElo "2515"]
[BlackElo "2515"]
[PlyCount "57"]
[EventDate "1992.??.??"]
[Source "www.chesslib.no"]
[SourceDate "2004.05.04"]

1. e4 c5 2. g3 d5 3. exd5 Qxd5 4. Nf3 Bg4 5. Bg2 Qe6+ 6. Kf1 Bh3 7. Nc3 Nc6 8. d3 Nf6 9. Be3 b6 10. Qe2 g6 11. d4 cxd4 12. Nxd4 Nxd4 13. Bxd4 Qxe2+ 14. Nxe2 Bxg2+ 15. Kxg2 Bg7 16. a4 O-O 17. Rhd1 Rfc8 18. Nc3 Rc6 19. a5 bxa5 20. Rxa5 a6 21. Rc5 Rac8 22. Rxc6 Rxc6 23. Be5 Ne8 24. Bxg7 Kxg7 25. Rd7 e6 26. Kf3 Nd6 27. Ke2 g5 28. h3 h5 29. Ra7 1/2-1/2

[Event "Vladivostok op"]
[Site "Vladivostok"]
[Date "1995.??.??"]
[Round "5"]
[White "Arkhipov, Sergey"]
[Black "Zagrebelny, Sergey"]
[Result "1-0"]
[WhiteElo "2515"]
[BlackElo "2510"]
[PlyCount "119"]
[EventDate "1995.??.??"]
[Source "ChessBase"]

1. e4 c5 2. g3 Nc6 3. Bg2 e5 4. Nc3 d6 5. Nge2 h5 6. h3 h4 7. g4 Be7 8. d3 Nd4 9. Nd5 Nxe2 10. Qxe2 Be6 11. Ne3 Bg5 12. O-O Kf8 13. Nf5 Bxc1 14. Raxc1 g6 15. Ne3 g5 16. Nd5 Ne7 17. Nxe7 Kxe7 18. c3 Bxa2 19. d4 Be6 20. dxe5 dxe5 21. Qe3 f6 22. Qxc5+ Qd6 23. Qb5 Qb6 24. Qxb6 axb6 25. Ra1 Bb3 26. Bf3 Rhd8 27. Kg2 Ra5 28. Rxa5 bxa5 29. Ra1 b6 30. Ra3 Bc2 31. Kf1 Kd6 32. b4 a4 33. Be2 Kc6 34. f3 Bd1 35. Bxd1 Rxd1+ 36. Ke2 Rh1 37. Rxa4 Kb5 38. Ra7 Rxh3 39. Rf7 Rh1 40. Rxf6 h3 41. Kf2 Rc1 42. Kg3 Rxc3 43. Kxh3 Rc6 44. Rf5 Rg6 45. Rxe5+ Kxb4 46. Kg3 b5 47. f4 gxf4+ 48. Kxf4 Kc4 49. Re8 Rb6 50. e5 b4 51. e6 Kd5 52. Kf5 Kd6 53. Kf6 b3 54. Rd8+ Kc6 55. Rd1 b2 56. Rb1 Kd5 57. Kf7 Rxe6 58. Rxb2 Ra6 59. Re2 Ra7+ 60. Kf6 1-0

[Event "Heitmann Memorial"]
[Site "Cork Heitmann memorial"]
[Date "1990.??.??"]
[Round "?"]
[White "Korolev, Sergey Ivanovich"]
[Black "Koskinen, Olli"]
[Result "1-0"]
[WhiteElo "2635"]
[BlackElo "2385"]
[PlyCount "47"]
[EventDate "1990.??.??"]
[Source "www.chesslib.no"]
[SourceDate "2004.05.04"]

1. e4 c5 2. g3 d5 3. exd5 Qxd5 4. Nf3 Bg4 5. Bg2 Qe6+ 6. Kf1 Bh3 7. b4 cxb4 8. a3 b3 9. Nc3 Nf6 10. Rb1 Nc6 11. Rxb3 Qd7 12. Qe2 O-O-O 13. d4 Bxg2+ 14. Kxg2 e6 15. Bf4 Bd6 16. Bxd6 Qxd6 17. Rhb1 Rd7 18. Nb5 Qd5 19. c4 Qe4 20. Qb2 b6 21. Re3 Qf5 22. Ne5 Nxe5 23. Rxe5 Qg6 24. Rc5+ 1-0

[Event "Corr"]
[Site "?"]
[Date "1998.??.??"]
[Round "?"]
[White "Korolev Sergey Ivanovich"]
[Black "Mirkovic Slobodan"]
[Result "1-0"]
[WhiteElo "2630"]
[BlackElo "2390"]
[PlyCount "31"]
[EventDate "1998.??.??"]
[Source "www.chesslib.no"]
[SourceDate "2004.05.04"]

1. e4 c5 2. g3 Nc6 3. Bg2 g6 4. d3 Bg7 5. f4 d6 6. Nf3 Nf6 7. O-O O-O 8. Nc3 Rb8 9. h3 b5 10. Be3 b4 11. Ne2 Bd7 12. Qd2 Ne8 13. c4 bxc3 14. bxc3 Qa5 15. f5 Qa3 16. Bh6 1-0

[Event "Chebanenco mem 1st"]
[Site "Kishinev"]
[Date "1998.02.12"]
[Round "4"]
[White "Chernov, Vadim"]
[Black "Fedorov, Alexei"]
[Result "0-1"]
[WhiteElo "2405"]
[BlackElo "2595"]
[PlyCount "98"]
[EventDate "1998.02.09"]
[Source "ChessBase"]
[SourceDate "1998.06.15"]

1. e4 c5 2. g3 Nc6 3. Bg2 g6 4. d3 Bg7 5. f4 d6 6. Nf3 Nf6 7. O-O O-O 8. Nc3 Rb8 9. h3 b5 10. a3 a5 11. Be3 Nd7 12. Rb1 b4 13. axb4 axb4 14. Ne2 Bb7 15. g4 Ra8 16. b3 Ra2 17. Nc1 Ra6 18. Qe1 e6 19. Qf2 Na7 20. f5 Nb5 21. Bg5 Qxg5 22. Nxg5 Bd4 23. Ne2 Bxf2+ 24. Rxf2 exf5 25. exf5 Bxg2 26. Kxg2 h6 27. Ne4 d5 28. N4g3 g5 29. d4 Na3 30. Rb2 Rc6 31. dxc5 Rxc5 32. Nd4 Nf6 33. Re2 Rfc8 34. Nh1 Ne4 35. Nf2 Nxf2 36. Kxf2 Kg7 37. Re7 Kf6 38. Rb7 Nxc2 39. Rb6+ Ke5 40. Nf3+ Kf4 41. Rxh6 Rc3 42. Ng1 Nd4 43. Rd2 Ke4 44. Rb6 Rc2 45. Rxc2 Rxc2+ 46. Kf1 Ke3 47. Rb7 Rf2+ 48. Ke1 Nc2+ 49. Kd1 Kd3 0-1

[Event "1st Serbian League Men"]
[Site "Zlatibor SRB"]
[Date "2007.09.01"]
[Round "11"]
[White "Dragojlovic, A."]
[Black "Vuckovic, Bo"]
[Result "0-1"]
[WhiteElo "2432"]
[BlackElo "2563"]
[PlyCount "88"]
[EventDate "2007.08.21"]
[Source "www.chesslib.no"]
[SourceDate "2004.05.04"]

1. e4 c5 2. g3 Nc6 3. Bg2 g6 4. f4 Bg7 5. d3 d6 6. c3 e5 7. Nf3 Nge7 8. O-O O-O 9. a4 b6 10. Na3 h6 11. Be3 Be6 12. h3 Qd7 13. Kh2 Rad8 14. d4 exd4 15. cxd4 d5 16. e5 Nf5 17. Bg1 Ncxd4 18. Nxd4 cxd4 19. Nc2 Ne3 20. Nxe3 dxe3 21. Qd4 f6 22. Bxe3 Rc8 23. Rac1 Rxc1 24. Rxc1 fxe5 25. fxe5 Rf5 26. Qd2 Bxe5 27. Bxh6 Qd6 28. Qd3 Kh7 29. Bd2 Rf2 30. Qe3 Rxd2 31. Qxd2 Bxg3+ 32. Kh1 Bf4 33. Rc6 Qxc6 34. Qxf4 Qd7 35. h4 Qf7 36. Qb8 Kg7 37. Kh2 Kh7 38. Kg3 Qd7 39. Qe5 Bf7 40. h5 gxh5 41. Bh3 Qd8 42. Bf5+ Bg6 43. Bxg6+ Kxg6 44. Qe6+ Qf6 0-1

[Event "Tivat Open"]
[Site "Tivat"]
[Date "1995.??.??"]
[Round "8"]
[White "Certic, Branimir"]
[Black "Timoshenko, Georgy"]
[Result "0-1"]
[WhiteElo "2435"]
[BlackElo "2555"]
[PlyCount "96"]
[EventDate "1995.??.??"]
[Source "www.chesslib.no"]
[SourceDate "2004.05.04"]

1. e4 c5 2. g3 d5 3. exd5 Qxd5 4. Nf3 Bg4 5. Bg2 Qe6+ 6. Kf1 Nc6 7. h3 Bh5 8. Nc3 Nf6 9. d3 Qd7 10. Be3 e6 11. g4 Bg6 12. d4 cxd4 13. Nxd4 Nb4 14. Qf3 Nfd5 15. Nxd5 Nxd5 16. Bg5 Rc8 17. c3 h6 18. Bh4 b5 19. Re1 Be7 20. Bxe7 Nxe7 21. Qb7 Qxb7 22. Bxb7 Rb8 23. Bc6+ Nxc6 24. Nxc6 Rb6 25. Ne5 Bh7 26. f4 f6 27. Nf3 Ke7 28. Nd4 b4 29. Re3 bxc3 30. bxc3 g5 31. f5 e5 32. Kf2 Bg8 33. Kg3 h5 34. h4 hxg4 35. h5 Bd5 36. Rh2 Rb1 37. Nc2 Rg1+ 38. Kf2 Rh1 39. Rxh1 Bxh1 40. Re1 Rxh5 41. Ne3 Bf3 42. Nf1 Rh8 43. Rb1 Be4 44. Rb4 Bxf5 45. Rb7+ Bd7 46. Rxa7 f5 47. Ne3 g3+ 48. Kg2 f4 0-1

[Event "CZE-chT2c 9596"]
[Site "Czech Republic"]
[Date "1996.??.??"]
[Round "1"]
[White "Vesselovsky, Serguei"]
[Black "Babula, Vlastimil"]
[Result "1/2-1/2"]
[WhiteElo "2450"]
[BlackElo "2540"]
[PlyCount "44"]
[EventDate "1995.??.??"]
[Source "www.chesslib.no"]
[SourceDate "2004.05.04"]

1. e4 c5 2. g3 d5 3. exd5 Qxd5 4. Nf3 Bg4 5. Bg2 Qe6+ 6. Kf1 Nc6 7. h3 Bh5 8. Nc3 Qd7 9. Ne5 Bxd1 10. Nxd7 Bxc2 11. Nxc5 O-O-O 12. b4 e6 13. Nxb7 Kxb7 14. b5 Nge7 15. Bb2 Kc7 16. bxc6 Rb8 17. Nd1 Nf5 18. Bc3 Bb4 19. Be5+ Bd6 20. Bc3 Bb4 21. Be5+ Bd6 22. Bc3 Bb4 1/2-1/2

[Event "Komercni Banka op"]
[Site "?"]
[Date "1996.??.??"]
[Round "8"]
[White "Vesselovsky Serguei"]
[Black "Votava Jan"]
[Result "0-1"]
[WhiteElo "2440"]
[BlackElo "2545"]
[PlyCount "94"]
[EventDate "1996.??.??"]
[Source "www.chesslib.no"]
[SourceDate "2004.05.04"]

1. e4 c5 2. g3 Nc6 3. Bg2 d6 4. Nf3 Nf6 5. d3 e5 6. O-O Be7 7. Nbd2 O-O 8. c3 h6 9. Qe2 Be6 10. Ne1 d5 11. f4 dxe4 12. dxe4 Bg4 13. Bf3 Bxf3 14. Nexf3 exf4 15. gxf4 Qd7 16. Kh1 Nh5 17. Nc4 Qh3 18. Rg1 b5 19. Nce5 Nxe5 20. Nxe5 Bd6 21. Nd3 c4 22. Nf2 Qh4 23. Rg4 Qe7 24. e5 Bc5 25. Be3 Bxe3 26. Qxe3 f5 27. Rg6 Qh4 28. Qh3 Qxh3 29. Nxh3 Rad8 30. Rd6 Rxd6 31. exd6 Rd8 32. a4 b4 33. cxb4 Rxd6 34. Rc1 Rd3 35. Rc3 Kf7 36. Kg2 Rxh3 37. Kxh3 Nxf4+ 38. Kg3 Ne2+ 39. Kf3 Nxc3 40. bxc3 Ke6 41. h4 g5 42. hxg5 hxg5 43. a5 Ke5 44. Ke3 g4 45. Kf2 f4 46. Ke2 Ke4 47. Kf2 f3 0-1

[Event "Moscow2"]
[Site "Moscow"]
[Date "1994.??.??"]
[Round "2"]
[White "Vesselovsky, Serguei"]
[Black "Arkhipov, Sergey"]
[Result "1-0"]
[WhiteElo "2455"]
[BlackElo "2530"]
[PlyCount "109"]
[EventDate "1994.??.??"]
[Source "ChessBase"]

1. e4 c5 2. g3 d5 3. exd5 Qxd5 4. Nf3 Bg4 5. Bg2 Qe6+ 6. Kf1 Nc6 7. h3 Bf5 8. Nc3 Qd7 9. d3 e5 10. g4 Bg6 11. Nh4 Be7 12. Nxg6 hxg6 13. a4 Nf6 14. a5 a6 15. Be3 Rb8 16. g5 Nh5 17. Nd5 Bd6 18. c3 O-O 19. Nb6 Qe7 20. Nc4 Bc7 21. h4 Rbd8 22. Be4 f5 23. gxf6 Nxf6 24. Qb3 Nxe4 25. Nd6+ Kh8 26. Nxe4 Qd7 27. Nxc5 Qg4 28. Qe6 Qh5 29. Rg1 Rd6 30. Qg4 Nxa5 31. b4 Nc6 32. Qxh5+ gxh5 33. Ke2 Rb8 34. Ne4 Re6 35. Rg5 g6 36. Rag1 Kh7 37. Rxh5+ Kg7 38. Ng5 Re7 39. Rh7+ Kg8 40. Rh6 Kg7 41. Ne4 Re6 42. h5 Ne7 43. Nc5 Rc6 44. hxg6 Rh8 45. Rxh8 Kxh8 46. c4 Bd6 47. Nd7 Kg7 48. f4 Bxb4 49. Nxe5 Re6 50. d4 b5 51. cxb5 axb5 52. Kd3 Nd5 53. Rf1 Rf6 54. Bc1 Rf5 55. Rg1 1-0

[Event "Buenos Aires PRENAJ"]
[Site "Buenos Aires ARG"]
[Date "1994.??.??"]
[Round "10"]
[White "Spangenberg, Hugo H"]
[Black "Ricardi, Pablo"]
[Result "1/2-1/2"]
[WhiteElo "2510"]
[BlackElo "2470"]
[PlyCount "31"]
[EventDate "1994.??.??"]
[Source "www.chesslib.no"]
[SourceDate "2004.05.04"]

1. e4 c5 2. g3 g6 3. Bg2 Bg7 4. f4 Nc6 5. Nf3 d6 6. O-O Rb8 7. c3 Nf6 8. Qe2 O-O 9. Na3 e5 10. d3 Ne8 11. Be3 b6 12. Qd2 Nc7 13. d4 exd4 14. cxd4 Re8 15. d5 Nb4 16. Ng5 1/2-1/2

[Event "Berliner Sommer"]
[Site "Berlin"]
[Date "1997.??.??"]
[Round "3"]
[White "Renner, Christoph"]
[Black "Savchenko, Stanislav"]
[Result "0-1"]
[WhiteElo "2415"]
[BlackElo "2565"]
[PlyCount "108"]
[EventDate "1997.08.??"]
[Source "ChessBase"]
[SourceDate "1997.09.26"]

1. e4 c5 2. g3 Nc6 3. Bg2 g6 4. d3 Bg7 5. c3 e5 6. f4 d6 7. Nf3 Nge7 8. O-O O-O 9. Na3 b6 10. f5 gxf5 11. Nh4 fxe4 12. dxe4 Be6 13. Nf5 f6 14. Nxg7 Kxg7 15. Qh5 Ng8 16. Be3 Qd7 17. Rf2 Nce7 18. h3 b5 19. Nc2 a5 20. Rd2 Qc7 21. Bf2 b4 22. Ne3 Rad8 23. c4 Nc6 24. Rf1 Nd4 25. Qd1 Kh8 26. g4 Qg7 27. Bh4 Ne7 28. Kh1 Ng6 29. Bg3 Qh6 30. Qe1 Nf4 31. Kh2 Rg8 32. Qf2 Nxg2 33. Kxg2 Rdf8 34. Bh4 Rg6 35. Kh2 Qg7 36. Nf5 Qd7 37. b3 Bxf5 38. exf5 Rg7 39. Qe3 Qb7 40. Kg3 a4 41. Rd3 d5 42. Kh2 axb3 43. axb3 dxc4 44. bxc4 Qa6 45. g5 Rfg8 46. Rf2 Qc6 47. Rdd2 b3 48. Rf1 Qa8 49. Rg2 e4 50. g6 Qc6 51. Rg4 Nf3+ 52. Kh1 hxg6 53. Bxf6 Qxf6 54. Qxe4 gxf5 0-1

[Event "Open"]
[Site "?"]
[Date "1999.??.??"]
[Round "?"]
[White "Koziak Vitali"]
[Black "Malakhatko Vadim"]
[Result "0-1"]
[WhiteElo "2483"]
[BlackElo "2496"]
[PlyCount "50"]
[EventDate "1999.??.??"]
[Source "www.chesslib.no"]
[SourceDate "2004.05.04"]

1. e4 c5 2. g3 d5 3. Nc3 dxe4 4. Nxe4 e6 5. Bg2 Be7 6. Nf3 Nf6 7. Nxf6+ Bxf6 8. O-O O-O 9. d3 Nc6 10. Re1 Qd7 11. Ng5 b6 12. Ne4 Be7 13. Bg5 Bb7 14. h4 f6 15. Bd2 e5 16. g4 f5 17. gxf5 Qxf5 18. Bg5 Bxg5 19. hxg5 Nd4 20. Qd2 Qg4 21. Kf1 Rf4 22. Re3 Bxe4 23. Rxe4 Raf8 24. Rae1 Qxg5 25. Rxe5 Qf6 0-1

[Event "RUS-Cup"]
[Site "?"]
[Date "2000.??.??"]
[Round "2"]
[White "Kravtsov Sergey"]
[Black "Najer Evgeniy"]
[Result "0-1"]
[WhiteElo "2405"]
[BlackElo "2572"]
[PlyCount "110"]
[EventDate "2000.??.??"]
[Source "www.chesslib.no"]
[SourceDate "2004.05.04"]

1. e4 c5 2. g3 d5 3. exd5 Qxd5 4. Nf3 Bg4 5. Bg2 Qe6+ 6. Kf1 Nc6 7. h3 Bh5 8. d3 Qd7 9. Nc3 e6 10. Be3 Nf6 11. Qd2 Rd8 12. Rd1 Be7 13. Ne2 Nd5 14. Nf4 Nxf4 15. Bxf4 O-O 16. g4 Bg6 17. Kg1 Bd6 18. Bxd6 Qxd6 19. Nh4 c4 20. Nxg6 hxg6 21. Bxc6 Qxc6 22. Qe2 cxd3 23. Rxd3 Qa6 24. Kg2 Qxa2 25. Rb3 b6 26. Rd1 Qa4 27. Rc3 Rc8 28. Rdd3 Rxc3 29. Rxc3 Qb4 30. Rc7 a5 31. b3 Qf4 32. Qe3 Qd6 33. Qc3 Rd8 34. Qc6 g5 35. Qxd6 Rxd6 36. Kf3 g6 37. Ke3 Kg7 38. Rb7 Kf6 39. f3 e5 40. Rc7 Ke6 41. c4 f5 42. Rg7 Kf6 43. Rc7 f4+ 44. Ke2 e4 45. fxe4 Ke5 46. Re7+ Re6 47. Rxe6+ Kxe6 48. Kf2 Kf6 49. Ke2 Ke5 50. Kd3 f3 51. Ke3 f2 52. Kxf2 Kxe4 53. Ke2 Kd4 54. Kd2 a4 55. Kc2 a3 0-1

[Event "Munich zt"]
[Site "Munich"]
[Date "1987.??.??"]
[Round "?"]
[White "Veinger, Itzhak"]
[Black "Lau, Ralf"]
[Result "1/2-1/2"]
[WhiteElo "2440"]
[BlackElo "2535"]
[PlyCount "44"]
[EventDate "1987.01.??"]
[Source "ChessBase"]

1. e4 c5 2. g3 Nc6 3. Bg2 e6 4. Ne2 Nf6 5. d4 cxd4 6. Nxd4 d6 7. O-O Bd7 8. c4 a6 9. b3 Be7 10. Nc3 O-O 11. Bb2 Nxd4 12. Qxd4 Qc7 13. Rac1 Rac8 14. Rfd1 Rfd8 15. h3 Qb8 16. a4 b6 17. Ba3 Bc6 18. Qe3 Nd7 19. Nd5 Bf8 20. Nb4 Bb7 21. Nd3 Qa8 22. Bb2 Nc5 1/2-1/2

[Event "URS-FL"]
[Site "Tallinn"]
[Date "1983.??.??"]
[Round "?"]
[White "Makarichev, Sergey"]
[Black "Ubilava, Elizbar"]
[Result "1/2-1/2"]
[WhiteElo "2510"]
[BlackElo "2465"]
[PlyCount "49"]
[EventDate "1983.12.??"]
[Source "ChessBase"]

1. e4 c5 2. g3 Nc6 3. Bg2 g6 4. d3 Bg7 5. f4 d6 6. Nf3 e5 7. Nc3 Nge7 8. O-O O-O 9. Be3 Nd4 10. Qd2 Be6 11. Ng5 Bd7 12. Rf2 Rc8 13. Raf1 f6 14. Nf3 Be6 15. h3 exf4 16. Bxf4 Nxf3+ 17. Rxf3 d5 18. exd5 Nxd5 19. Bh6 Nxc3 20. bxc3 Qd7 21. Bxg7 Kxg7 22. Qf2 f5 23. Qe3 b6 24. Qf4 Rfe8 25. Re1 1/2-1/2

[Event "Alma-Ata"]
[Site "Alma Ata KAZ"]
[Date "1995.??.??"]
[Round "1"]
[White "Katalymov, Boris N"]
[Black "Fominyh, Alexander"]
[Result "0-1"]
[WhiteElo "2455"]
[BlackElo "2520"]
[PlyCount "79"]
[EventDate "1995.??.??"]
[Source "www.chesslib.no"]
[SourceDate "2004.05.04"]

1. e4 c5 2. g3 e6 3. Bg2 d5 4. exd5 exd5 5. d4 cxd4 6. Ne2 Bb4+ 7. Nd2 d3 8. cxd3 Nc6 9. a3 Bc5 10. O-O a5 11. Nb3 Bb6 12. Nc3 Nge7 13. Bg5 h6 14. Qh5 O-O 15. Bxe7 Nxe7 16. d4 Be6 17. Na4 Ba7 18. Rac1 b6 19. Rfe1 Qd7 20. Nc3 a4 21. Nd2 Nf5 22. Qd1 Nxd4 23. Nxa4 Bg4 24. f3 Bf5 25. Nf1 Ne6 26. Nc3 b5+ 27. Kh1 Rad8 28. Re5 Nc7 29. f4 f6 30. Re1 Bf2 31. Re2 Bg4 32. Nxd5 Bxe2 33. Qxe2 Nxd5 34. Qxf2 Ne7 35. Qb6 Rb8 36. Rc7 Nd5 37. Rxd7 Nxb6 38. Ra7 Rfe8 39. Bc6 Nc8 40. Rd7 0-1

[Event "Clichy Open"]
[Site "Clichy FRA"]
[Date "1991.??.??"]
[Round "9"]
[White "Motwani, Paul"]
[Black "Sokolov, Andrei"]
[Result "0-1"]
[WhiteElo "2425"]
[BlackElo "2550"]
[PlyCount "94"]
[EventDate "1991.06.??"]
[Source "www.chesslib.no"]
[SourceDate "2004.05.04"]

1. e4 c5 2. g3 Nc6 3. Bg2 g6 4. f4 Bg7 5. Nf3 e6 6. O-O Nge7 7. c3 d6 8. Na3 O-O 9. d3 b6 10. g4 f5 11. Ng5 h6 12. Nh3 Qd7 13. Bd2 Ba6 14. gxf5 exf5 15. Rf3 Rad8 16. Nf2 fxe4 17. Bh3 Qe8 18. Nxe4 Nf5 19. Ng3 Bc8 20. Nxf5 Bxf5 21. Qb3+ d5 22. Re1 Qf7 23. Bg2 Na5 24. Qa4 Bd7 25. Qc2 Rfe8 26. Rff1 Bf5 27. b4 Nc4 28. Rxe8+ Qxe8 29. Re1 Qf7 30. bxc5 Nxa3 31. Qa4 Bf8 32. Be3 Bxd3 33. Qxa3 Be4 34. Bxe4 dxe4 35. Qa4 Qf5 36. Qc4+ Kh7 37. cxb6 axb6 38. Qe2 b5 39. Rd1 Rd3 40. Kf2 Qd5 41. Rxd3 exd3 42. Qd2 Be7 43. Kg3 h5 44. Bd4 Qf5 45. Qd1 Qe4 46. Qf3 Bh4+ 47. Kg2 Qe2+ 0-1

[Event "Veterans-Women"]
[Site "Monte Carlo"]
[Date "1994.??.??"]
[Round "4"]
[White "Hort, Vlastimil"]
[Black "Ioseliani, Nana"]
[Result "1-0"]
[WhiteElo "2535"]
[BlackElo "2435"]
[PlyCount "83"]
[EventDate "1994.06.??"]
[Source "ChessBase"]

1. e4 c5 2. g3 Nc6 3. Bg2 g6 4. f4 Bg7 5. d3 e6 6. Ne2 Nge7 7. Nd2 d6 8. Nf3 O-O 9. c3 b6 10. Be3 Bb7 11. h4 d5 12. h5 dxe4 13. dxe4 Qxd1+ 14. Rxd1 Rfd8 15. h6 Bf8 16. g4 Rxd1+ 17. Kxd1 Rd8+ 18. Kc2 Nc8 19. Ng3 f6 20. g5 f5 21. Re1 Nd6 22. Nd2 Ne7 23. b3 fxe4 24. Ndxe4 Nxe4 25. Bxe4 Ba6 26. Bd2 Nf5 27. Nxf5 exf5 28. Bc6 Rd6 29. Bf3 Rd7 30. c4 Bb7 31. Bxb7 Rxb7 32. Re8 Kf7 33. Rc8 Bd6 34. Rh8 Ke6 35. Kd3 Re7 36. Ke2 Kd7+ 37. Kf3 Kc6 38. Rc8+ Kb7 39. Rh8 Kc6 40. Bc3 Re4 41. Rxh7 Rxf4+ 42. Ke2 1-0

[Event "Mesa Open"]
[Site "Mesa"]
[Date "1992.??.??"]
[Round "?"]
[White "Rivas Pastor, Manuel"]
[Black "Antunes, Antonio"]
[Result "0-1"]
[WhiteElo "2505"]
[BlackElo "2465"]
[PlyCount "68"]
[EventDate "1992.??.??"]
[Source "www.chesslib.no"]
[SourceDate "2004.05.04"]

1. e4 c5 2. g3 d5 3. exd5 Qxd5 4. Nf3 Bg4 5. Bg2 Qd6 6. Kf1 Nc6 7. h3 Bh5 8. d3 Qd7 9. Nc3 Nf6 10. a4 e6 11. a5 Rc8 12. g4 Bg6 13. Nh4 Bd6 14. Nxg6 fxg6 15. Be3 O-O 16. Qd2 Nd4 17. Kg1 Rf7 18. Re1 Rcf8 19. b3 Bc7 20. Ne2 b6 21. axb6 axb6 22. Bxd4 cxd4 23. Qb4 e5 24. Qc4 Kh8 25. Bc6 Qc8 26. f3 Bb8 27. b4 b5 28. Bxb5 Rc7 29. Qb3 Rxc2 30. Bc4 Rd2 31. Ng3 e4 32. Nxe4 Nxe4 33. Rxe4 Rxf3 34. Qa4 Qf8 0-1

[Event "Mlada Boleslav Open"]
[Site "Mlada Boleslav CZE"]
[Date "1993.??.??"]
[Round "?"]
[White "Totsky, Leonid"]
[Black "Stohl, Igor"]
[Result "0-1"]
[WhiteElo "2425"]
[BlackElo "2540"]
[PlyCount "91"]
[EventDate "1993.08.??"]
[Source "www.chesslib.no"]
[SourceDate "2004.05.04"]

1. e4 c5 2. g3 g6 3. Bg2 Bg7 4. Ne2 Nc6 5. c3 e5 6. d3 Nge7 7. Be3 d6 8. O-O O-O 9. d4 exd4 10. cxd4 Qb6 11. Nbc3 cxd4 12. Na4 Qa5 13. Nxd4 Ne5 14. Bd2 Qa6 15. Bg5 Bg4 16. f3 Bd7 17. Nc3 N7c6 18. Nxc6 Bxc6 19. Kh1 Qa5 20. Qe2 Nxf3 21. Be7 Rfe8 22. Bxd6 Ng5 23. e5 Bxe5 24. Bxc6 bxc6 25. Bxe5 Qxe5 26. Qxe5 Rxe5 27. h4 Ne6 28. Rae1 Rxe1 29. Rxe1 Rd8 30. Re2 Rd3 31. Kg2 Kf8 32. Ne4 Nd4 33. Rf2 Nf5 34. Rf4 h5 35. Kf2 Rd4 36. Kf3 Ke7 37. g4 Nxh4+ 38. Ke3 Rb4 39. Rf2 hxg4 40. a3 Nf5+ 41. Kf4 Rd4 42. Ke5 Rd3 43. Rc2 Rd5+ 44. Kf4 Nd4 45. Rc4 Ne6+ 46. Kg3 0-1